Finish the Anime Titles - Statistics

General Stats
  • This quiz has been taken 712 times
  • The average score is 3 of 9
Answer Stats
Hint Answer % Correct
The _____ Deadly _____ Seven Sins
91%
_____ High School Host ____ Ouran club
86%
Snow _____ with the ____ ____ White red hair
53%
Beyond the _____ Boundary
32%
Blood _____ Battlefront Blockade
26%
Persona __ the _____ 4 animation
20%
Kids ___ the ____ On Slope
10%
Dusk ____ of _____ Maiden Amnesia
6%
_____ no ______ Sama Uta Prince
5%
No matching quizzes found
Score Distribution
Percent of People with Each Score
Percentile by Number Answered
Your Score History
You have not taken this quiz